[Event "North American-ch Juniors Open U20 2020"]
[Site "Charlotte"]
[Date "2020.12.20"]
[Round "3.9"]
[White "Park, Evan"]
[Black "Truelson, Joseph"]
[Result "1/2-1/2"]
[WhiteElo "2173"]
[BlackElo "2046"]
[Annotator "NA"]
[PlyCount "99"]
[EventDate "2020.12.06"]
[EventType "swiss"]
[EventCountry "USA"]
[SourceTitle "playchess.com"]
[Source "ChessBase"]
[SourceQuality "1"]

1. e4 {[%emt 0:00:00]} e5 {[%emt 0:00:34]} 2. Nf3 {[%emt 0:00:00]} Nc6 {[%emt 0:00:08]} 3. Bb5 {[%emt 0:00:13]} Nf6 {[%emt 0:00:06]} 4. d3 {[%emt 0:00:21]} Bc5 {[%emt 0:00:05]} 5. c3 {[%emt 0:00:49]} d6 {[%emt 0:01:59]} 6. O-O {[%emt 0:00:10]} O-O {[%emt 0:01:11]} 7. Nbd2 {[%emt 0:01:24]} Bb6 {[%emt 0:05:06]} 8. Nc4 {[%emt 0:13:45]} Ne7 {[%emt 0:00:32]} 9. Nxb6 {[%emt 0:02:11]} axb6 {[%emt 0:00:09]} 10. Re1 {[%emt 0:01:30]} Ng6 {[%emt 0:00:52]} 11. d4 {[%emt 0:05:46]} h6 {[%emt 0:04:37]} 12. b3 {[%emt 0:03:29]} Bd7 {[%emt 0:04:46]} 13. Bd3 {[%emt 0:03:36]} Re8 {[%emt 0:01:26]} 14. Bb2 {[%emt 0:04:50]} Bc6 {[%emt 0:05:10]} 15. Qb1 {[%emt 0:16:04]} Nh7 {[%emt 0:03:55]} 16. c4 {[%emt 0:03:33]} Ng5 {[%emt 0:01:17]} 17. Qd1 {[%emt 0:01:43]} exd4 {[%emt 0:06:25]} 18. Nxg5 {[%emt 0:02:55]} Qxg5 {[%emt 0:00:14]} 19. Bxd4 {[%emt 0:00:51]} f5 {[%emt 0:05:02]} 20. Be3 {[%emt 0:07:44]} Qf6 {[%emt 0:06:23]} 21. exf5 {[%emt 0:01:49]} Nh4 {[%emt 0:50:33]} 22. f3 {[%emt 0:01:39]} (22. Bf1 $17 {keeps fighting.}) 22... Nxf5 {[%emt 0:00:00]} 23. Bf2 {[%emt 0:00:19]} Rxe1+ {[%emt 0:00:00]} 24. Qxe1 {[%emt 0:00:23]} Re8 {[%emt 0:00:00]} 25. Qf1 {[%emt 0:03:52]} Ne3 {[%emt 0:00:00]} 26. Bxe3 {[%emt 0:02:15]} Rxe3 {[%emt 0:00:00]} 27. Rd1 {[%emt 0:00:57]} Qg5 {[%emt 0:00:00]} 28. Kh1 {[%emt 0:01:06]} Qf6 {[%emt 0:00:00]} 29. Re1 {[%emt 0:02:24]} Qe5 {[%emt 0:00:00]} 30. Rxe3 {[%emt 0:00:40]} Qxe3 {[%emt 0:00:00]} 31. Qe2 {[%emt 0:01:08]} Qc1+ {[%emt 0:00:00]} 32. Qf1 {[%emt 0:00:05]} Qd2 {[%emt 0:00:00]} 33. Qe2 {[%emt 0:01:37]} Qc1+ {[%emt 0:00:00]} 34. Qf1 {[%emt 0:00:09]} Qd2 {[%emt 0:00:00]} 35. Qb1 {[%emt 0:02:11]} h5 {[%emt 0:00:00]} 36. h3 {[%emt 0:01:32]} h4 {[%emt 0:07:30]} 37. Bh7+ {[%emt 0:01:36]} Kh8 {[%emt 0:00:00]} 38. Be4 {[%emt 0:00:34]} d5 {[%emt 0:00:00]} 39. cxd5 {[%emt 0:00:38]} Bxd5 {[%emt 0:00:00]} 40. Bxd5 {[%emt 0:01:28]} Qxd5 {[%emt 0:02:00]} 41. Qc1 {[%emt 0:01:13]} Qe5 {[%emt 0:00:00]} 42. Qd1 {[%emt 0:00:34]} Qf4 $11 {[%emt 0:00:00]} 43. Qe1 {[%emt 0:01:40]} Kh7 {[%emt 0:00:00]} 44. a4 {[%emt 0:00:55]} g5 {[%emt 0:00:00]} 45. Qe4+ {[%emt 0:03:12]} Kg7 {[%emt 0:00:00]} 46. Qe7+ {[%emt 0:00:19]} Kg6 {[%emt 0:00:00]} 47. Qe8+ {[%emt 0:00:47]} Kf6 {[%emt 0:00:00]} 48. Qf8+ {[%emt 0:00:34]} Ke6 {[%emt 0:00:00]} 49. Qg8+ {[%emt 0:00:57]} Kd6 {[%emt 0:00:00]} 50. Qc8 {[%emt 0:01:21]} 1/2-1/2

[Event "North American-ch Juniors Open U20 2020"]
[Site "Charlotte"]
[Date "2020.12.20"]
[Round "3.10"]
[White "Lu, Ming"]
[Black "Amburgy, Ryan"]
[Result "1-0"]
[WhiteElo "2154"]
[BlackElo "1885"]
[Annotator "TA"]
[PlyCount "223"]
[EventDate "2020.12.06"]
[EventType "swiss"]
[EventCountry "USA"]
[SourceTitle "playchess.com"]
[Source "ChessBase"]
[SourceQuality "1"]

{[%evp 10,223,8,4,19,-12,3,0,-8,-49,-39,-139,-121,-217,-84,-100,-100,-95,18,16,16,10,25,0,0,0,15,0,0,0,0,-29,0,-20,0,-30,-28,-54,-20,-45,2,-87,0,0,40,7,0,0,0,0,0,0,0,0,0,0,8,8,13,0,0,0,13,12,137,135,135,149,147,147,142,116,116,122,121,86,116,103,103,87,87,87,87,87,87,87,87,87,87,87,87,87,87,87,87,87,87,0,87,87,87,0,87,72,72,72,72,72,72,72,72,72,72,72,72,72,72,72,72,72,72,72,72,72,72,72,72,72,72,72,72,72,72,72,72,72,72,72,72,72,72,72,72,72,72,46,72,72,72,72,72,72,72,72,72,72,72,72,72,72,78,78,200,200,200,200,200,200,200,200,200,200,200,200,200,200,200,200,200,200,200,200,200,0,200,200,200,200,200,200,193,192,29959,29962,29956,29961,29962,29963,29963,29962,29967,29969,29965,29971,29970,29972,29974,29975,29980,29981,29981,29981,29980,29981,29996,29991]} 1. c4 e5 2. Nc3 Nf6 3. Nf3 Nc6 4. e3 Bb4 5. Qc2 Bxc3 6. Qxc3 d6 {A28: English Opening: Four Knights Variation.} 7. d4 {[%cal Rd4e5]} Bg4 {[#]} 8. dxe5 $146 ({Predecessor:} 8. Be2 e4 9. Ng1 Qd7 10. f3 Bh5 11. b3 Ne7 12. d5 Nf5 13. Bb2 Qe7 14. O-O-O {0-1 (47) Hobaica,J (2317)-Bachmann,A (2410) Buenos Aires 2005}) 8... dxe5 {The position is equal.} 9. b3 Qd6 10. a3 (10. Nd2 $15) 10... O-O-O $17 {[%csl Gd8][%cal Rd6d1]} ({But not} 10... Bxf3 $6 11. gxf3 O-O-O 12. Bb2 $11) 11. Bb2 (11. Be2 $17) 11... Rd7 (11... Ne4 $19 {has better winning chances.} 12. Qc1 Qe6) 12. c5 Qd5 13. Bc4 Qxc5 ({Black should play} 13... Qe4 $1 $17 14. Be2 Qg6) 14. Nxe5 $11 Nxe5 15. Qxe5 {[#]} Rhd8 $1 {[%mdl 512] ( -> ...Rd1+)} 16. O-O Qxe5 17. Bxe5 Be6 18. Bxf6 gxf6 19. Rac1 Rd2 20. h4 R8d6 21. Rc3 c6 22. Kh2 Kd7 23. Kg3 Ke7 24. Kf3 Bd7 {Hoping for ...b5.} 25. e4 (25. b4 $11 {keeps the balance.}) 25... h5 (25... b5 $17 26. Be2 a5) 26. Ke3 Bg4 27. Rfc1 a5 28. Bd3 Ra2 29. b4 axb4 30. axb4 Rb2 31. b5 cxb5 32. R1c2 Rb1 33. Rc7+ Bd7 34. Rd2 Rb3 35. Ke2 Kd8 36. Rxb7 b4 (36... f5 $11 {remains equal.}) 37. Bc2 $1 $16 Rxd2+ 38. Kxd2 {[%mdl 4096] Endgame KRB-KRB} Rb2 {...Bc6 is the strong threat.} 39. Kc1 $1 {[%cal Rc1b2]} Ra2 40. Rxb4 Ke7 41. Rb2 Ra1+ 42. Bb1 Ra5 43. Kd2 f5 44. exf5 Bxf5 45. Bxf5 Rxf5 {KR-KR} 46. Ke3 Kf6 47. Ke4 {White threatens Rb6+ and mate.} Ra5 48. Kf4 Ra4+ 49. Kg3 $1 Kg6 50. Rb3 f6 51. Rc3 Rb4 52. Ra3 Rc4 53. Rb3 Ra4 54. Kh3 Ra2 55. Kg3 Ra4 56. f3 Ra6 57. Rc3 Rb6 58. Rd3 Ra6 59. Re3 Rb6 60. Ra3 Rc6 61. Kh3 {Cut Off at move 61} f5 62. Ra4 Rb6 63. Kg3 Rb2 64. Ra6+ Kg7 65. Rc6 Rb4 66. Rc7+ Kg6 67. Rc8 Kg7 68. Rc2 Ra4 69. Rb2 Rc4 70. Ra2 Rb4 71. Re2 Ra4 72. Kh3 Ra3 73. Kh2 Rb3 74. Rf2 Kg6 75. g3 Ra3 76. Kh3 Rb3 77. Kg2 Ra3 78. Rd2 Rb3 79. Kf2 $1 Ra3 80. Rd6+ Kg7 81. Ke2 Rb3 82. Rd3 Rb4 83. Ke3 Rb6 84. Rd8 Kf6 85. Rf8+ Kg6 (85... Ke5 $16 {was worth a try.}) 86. Rg8+ $1 $18 Kf6 87. Rg5 $1 Rb3+ 88. Kf2 Rb2+ 89. Kg1 f4 90. gxf4 Rb4 91. Rxh5 Rxf4 92. Kg2 Ra4 93. Kg3 Rb4 94. Ra5 Rc4 95. Ra6+ Kf5 96. Ra5+ Kf6 $1 97. Ra1 Kf5 98. Re1 Ra4 {[#]} 99. Re4 $1 Ra1 (99... Rxe4 100. fxe4+) 100. Rf4+ Ke5 $2 {[#]} (100... Kg6 $18 101. Rg4+ Kh6) 101. Rf8 $1 {White mates.} Rg1+ 102. Kh3 Ke6 {[#]} 103. h5 $1 Ke7 104. Rf4 Ke6 105. Kh4 Ke5 106. Rg4 Rf1 107. Kg5 Rxf3 108. h6 Ra3 109. h7 Ra8 110. Rh4 Rh8 111. Kg6 Rg8+ 112. hxg8=N {Both players deserved the win here.  Weighted Error Value: White=0.19/Black=0.16} 1-0

[Event "North American-ch Juniors Open U20 2020"]
[Site "Charlotte"]
[Date "2020.12.21"]
[Round "4.1"]
[White "Liang, Jason"]
[Black "Asaria, Danial"]
[Result "1-0"]
[WhiteElo "2317"]
[BlackElo "2284"]
[Annotator "TA"]
[PlyCount "117"]
[EventDate "2020.12.06"]
[EventType "swiss"]
[EventCountry "USA"]
[SourceTitle "playchess.com"]
[Source "ChessBase"]
[SourceQuality "1"]

{[%evp 14,117,34,31,23,20,59,20,30,20,30,19,31,16,5,0,25,17,25,0,0,-70,-63,-89,-83,-91,-86,-109,-37,-31,-28,-56,-49,-60,-47,-69,-45,-15,0,0,0,0,0,0,0,-16,0,0,0,0,0,0,79,78,84,84,137,139,159,65,169,146,180,45,45,55,112,95,508,508,508,508,508,507,503,497,471,461,445,418,450,425,427,387,379,370,562,555,669,657,588,413,409,402,374,345,29951,29957,29956,29960,29965,5093,29990,29977,29977,29978]} 1. e4 c6 2. d4 d5 3. Nc3 dxe4 4. Nxe4 Nf6 5. Nxf6+ exf6 6. c3 Bd6 7. Bd3 O-O 8. Qc2 Re8+ {B15: Caro-Kann: 3 Nc3: 3...g6 and 3...dxe4 4 Nxe4 Nf6 5 Nxf6+ exf6.} 9. Ne2 h5 {9...h5 is better than 9...h6.} 10. Be3 (10. O-O {is more complex.} Qc7 11. h3 Be6 12. Be3 a5 13. a3) 10... Nd7 {The position is equal.} 11. O-O-O Nf8 12. c4 Be6 13. Kb1 Rc8 14. h3 h4 (14... b5 $5) 15. Nc3 {[#]} Ng6 $146 ({Predecessor:} 15... a6 16. c5 Bc7 17. Rhg1 Ng6 18. Bxg6 fxg6 19. Qxg6 Qd7 20. Ka1 Ba5 21. Ne4 Rf8 {1-0 (72) Eswaran,A (2244)-Wagh,S (2246) chess.com INT 2020}) 16. c5 Bc7 17. d5 (17. Bf5 $11) 17... cxd5 $15 18. Bxg6 fxg6 19. Qxg6 Be5 20. Bd4 {[#]} b6 ({Better is} 20... Bxd4 $1 $17 21. Rxd4 Rxc5) 21. cxb6 axb6 22. Qd3 Rc4 23. Bxe5 Qc8 $1 24. Qe3 (24. Nxd5 $2 Bf5 $19) 24... Qa8 25. Rd4 (25. Qxb6 $2 fxe5 26. Nb5 Ra4 $19) 25... Rxd4 26. Qxd4 {[%mdl 64] Threatens to win with Bc7. Double Attack} fxe5 27. Qxe5 d4 28. Qxd4 {[%mdl 64] Black must now prevent f3. Double Attack} Qxg2 29. Rd1 Qxh3 {[#]} 30. Rg1 $1 {[%csl Gg1][%cal Rd4g7][%mdl 512]} Re7 31. Ka1 {And now Qd8+ would win.} Rd7 32. Qf4 b5 (32... Rf7 $11 33. Qb8+ Rf8) 33. Ne4 $16 {Hoping for Qb8+.} Qf5 34. Qxh4 {Nf6+ is the strong threat.} Kf8 (34... Qg6 $142 35. Qh1 (35. Rxg6 $2 Rd1#) 35... Qf5) 35. Nc3 Kf7 36. Qg3 ({White should try} 36. Qh8 $16 g5 37. f3) 36... Kf8 (36... g5 $1 $14) 37. Qb8+ $18 Kf7 38. f4 (38. Qh8 $18 g5 39. f3) 38... Qc5 $1 $14 {[%cal Rc5g1]} 39. Re1 $36 {[%mdl 2048] White has some pressure.} b4 ({Black should play} 39... Rd3 $14 40. Qb7+ (40. Qxb5 $2 Rxc3 41. Qxc5 Rxc5 $19) (40. Nxb5 Bd7 $11) 40... Bd7) 40. f5 $1 $16 {[%cal Rf5e6]} ({Don't blunder} 40. Ne4 $2 Qd5 $19) 40... Bxf5 $2 {[%mdl 8192] This costs Black the game.} (40... Qxf5 $16 {is a better chance.} 41. Qxb4 g5) 41. Qe8+ $18 Kf6 42. Ne4+ {[%mdl 64] Overworked Piece} Bxe4 43. Qxd7 {[%mdl 4096] Endgame KQR-KQB} Bf5 44. Qd8+ Kf7 45. Qb8 Kf6 46. Qb7 Qd6 47. Rc1 {Strongly threatening Rc6!} Qd4 48. Qc6+ Kg5 49. Qc4 Qe3 (49... Qd6 $142 50. Qb5 Qd4) 50. Rh1 Qe4 51. Rg1+ Kf6 52. Qc1 g6 53. Re1 Qd5 54. Qf4 b3 $2 (54... g5 $18 55. Qxb4 Be6 56. Qc3+ Kg6 57. Qc2+ Bf5) 55. Qh4+ g5 56. Qh6+ Kf7 57. Qxg5 {White wants to mate with Re7+.} Qc5 58. Rf1 Ke6 {[#]} 59. Qxf5+ $1 {Weighted Error Value: White=0.19/Black=0.57} 1-0

[Event "North American-ch Juniors Open U20 2020"]
[Site "Charlotte"]
[Date "2020.12.21"]
[Round "4.2"]
[White "Sandoval Mercado, Carlos"]
[Black "Wu, Derek"]
[Result "0-1"]
[WhiteElo "2298"]
[BlackElo "2106"]
[Annotator "TA"]
[PlyCount "96"]
[EventDate "2020.12.06"]
[EventType "swiss"]
[EventCountry "USA"]
[SourceTitle "playchess.com"]
[Source "ChessBase"]
[SourceQuality "1"]

{[%evp 20,96,-3,8,-6,-20,0,0,0,0,0,-44,-39,-90,-34,-41,57,47,54,57,125,136,125,109,141,87,187,197,198,193,188,191,163,131,123,52,179,186,172,164,247,156,155,159,140,110,117,67,59,41,29,0,0,-248,-73,-63,0,-80,22,0,-12,-25,-23,-707,-703,-833,-840,-827,-787,-731,-642,-958,-720,-1013,-1005,-1479,-1252,-1246,-1215]} 1. d4 Nf6 2. c4 e6 3. Nf3 d5 4. g3 Be7 5. Bg2 O-O 6. O-O dxc4 7. Qa4 a6 8. Qxc4 b5 9. Qc2 Bb7 10. Bd2 Be4 11. Qc1 c6 {E05: Open Catalan: 5 Nf3 Be7.} 12. e3 Nbd7 13. Nc3 Bg6 {The position is equal.} 14. Nh4 Bh5 15. e4 (15. Bxc6 $2 Rc8 $17) 15... Rc8 16. Bf4 ({White should play} 16. Qe1 $15) 16... c5 (16... Nb6 $17) 17. d5 $15 Nb6 (17... Ng4 $15) 18. d6 $1 $36 {[%cal Rd6e7][%mdl 2112] Decoy. White is more active.} Bxd6 {...b4 is the strong threat.} 19. e5 {[%mdl 64] Double Attack} Be7 (19... g5 $14) 20. exf6 $16 Bxf6 {...g5 would now be nice for Black.} 21. Nf3 Nc4 22. Nd2 (22. Re1 $142) 22... e5 (22... g5 $16 {was called for.}) 23. Be3 $18 Nxe3 24. fxe3 Bg5 25. Nde4 Bh6 26. Nf2 f5 27. Qe1 ({White should try} 27. g4 $16 fxg4 28. Nce4) 27... Qd7 (27... b4 $14) 28. Nd5 Rce8 29. e4 Kh8 (29... f4 $142 30. Bh3 Qc6) 30. Qc3 c4 31. Rae1 f4 32. Bh3 Qa7 33. g4 Bf7 {next ...Bxd5 is good for Black.} 34. Rd1 f3 35. Rfe1 Bg5 36. Ne3 $2 {[#]} (36. b3 $11 {and White stays safe.}) 36... Bf4 $2 (36... b4 $1 $19 {[%cal Rb4c3][%mdl 512]} 37. Qc1 (37. Qxb4 Bxe3) 37... Rc8) 37. Nf1 {[%cal Be3f1,Bf1g3,Bg3f5][%mdl 32]} Re6 (37... Be6 $15) 38. Qxf3 (38. g5 $11 {remains equal.} Rg6 39. Qxf3) 38... Bg6 ({Better is} 38... Rf6 $17 {Threatens to win with ...Be6.} 39. Ng3 Be8) 39. Ng3 Ref6 {Strongly threatening ...Bxg3.} 40. Nf5 Be8 $1 41. Rd6 $2 {[%mdl 8192]} (41. Qg2 $11) 41... Rxd6 $19 {Black is clearly winning.} 42. Nxd6 {[#]} Bxh2+ $1 {[%mdl 576] Discovered Attack} 43. Kg2 (43. Kxh2 Rxf3) 43... Rxf3 44. Kxf3 Bg6 45. g5 Bf4 46. Bf5 Bxg5 47. Ng4 Qd4 48. Bxg6 Qxd6 {Black used his chance. Accuracy: White = 41%, Black = 54%.} 0-1

[Event "North American-ch Juniors Open U20 2020"]
[Site "Charlotte"]
[Date "2020.12.21"]
[Round "4.3"]
[White "Paul, Justin"]
[Black "Tsay, Vincent"]
[Result "*"]
[WhiteElo "2267"]
[BlackElo "2266"]
[Annotator "TA"]
[PlyCount "51"]
[EventDate "2020.12.06"]
[EventType "swiss"]
[EventCountry "USA"]
[SourceTitle "playchess.com"]
[Source "ChessBase"]
[SourceQuality "1"]

{[%evp 15,51,-10,-6,-10,0,-2,30,19,23,18,47,49,45,43,43,49,62,62,62,52,50,28,41,16,10,-20,69,55,86,44,23,28,95,-23,-18,-19,-28,-39]} 1. e4 e6 2. d3 d5 3. Qe2 Ne7 4. Nf3 c5 5. g3 Nbc6 6. Bg2 g6 7. O-O Bg7 8. c3 O-O 9. Na3 {A08: King's Indian Attack.} h6 10. Re1 {[#]} Kh7 $146 ({Predecessor:} 10... a6 11. Nc2 b6 12. e5 a5 13. a4 Ba6 14. h4 Nf5 15. Bf4 Rb8 16. Bh3 d4 {1-0 (37) Kaminski,M (2449)-Flis,J (2297) Miedzyzdroje 2009}) 11. e5 {White has an edge.} Nf5 12. Nc2 f6 13. exf6 Qxf6 14. Bf4 g5 15. Be5 Nxe5 16. Nxe5 Ne7 17. d4 Nc6 $1 18. Qd2 Kg8 {[%cal Rc6e5]} 19. Re3 Nxe5 20. Rxe5 Bd7 ({Black should try} 20... cxd4 $11 21. cxd4 Bd7) 21. Rae1 $14 Qg6 22. R5e2 c4 23. Ne3 h5 (23... a5 $11) 24. Nxd5 (24. b3 $16) 24... exd5 $11 25. Bxd5+ {[%mdl 64] [#] Double Attack} Kh8 26. Bxb7 {Weighted Error Value: White=0.23/Black=0.19} *

[Event "North American-ch Juniors Open U20 2020"]
[Site "Charlotte"]
[Date "2020.12.21"]
[Round "4.4"]
[White "Vivekananthan, Anish"]
[Black "Lu, Ming"]
[Result "1-0"]
[WhiteElo "2305"]
[BlackElo "2154"]
[Annotator "TA"]
[PlyCount "63"]
[EventDate "2020.12.06"]
[EventType "swiss"]
[EventCountry "USA"]
[SourceTitle "playchess.com"]
[Source "ChessBase"]
[SourceQuality "1"]

{[%evp 9,63,-3,10,6,2,0,6,-8,-1,-12,-6,5,0,0,8,6,15,6,33,38,43,41,81,82,118,115,124,71,91,76,81,85,144,139,156,142,162,159,262,265,264,252,238,220,258,199,212,137,481,358,406,406,562,546,681,667]} 1. a3 d5 2. Nf3 Nf6 3. d4 c6 4. e3 Bf5 5. Bd3 Bg6 6. c4 {A00: Irregular Openings.} e6 7. Nc3 Nbd7 {[#]} 8. Qe2 $146 {The position is equal.} ({Predecessor:} 8. Bxg6 hxg6 9. Qd3 Qa5 10. cxd5 cxd5 11. Bd2 a6 12. O-O Qd8 13. e4 dxe4 14. Nxe4 Be7 {0-1 (59) Vujcic,T (2182)-Muha,M (2362) Grohote 2018}) 8... Ne4 9. Nd2 {[%cal Rd2e4]} f5 10. O-O Bd6 11. f3 Nxd2 12. Bxd2 O-O 13. b4 Qf6 14. c5 Bc7 15. f4 $1 Bf7 16. b5 Kh8 17. bxc6 bxc6 18. g3 ({White should try} 18. Bc2) 18... g5 $16 19. fxg5 Qxg5 20. e4 Qg7 (20... f4 $142) 21. e5 Nxe5 22. dxe5 Bxe5 23. Rac1 d4 (23... Rab8 $16) 24. Bh6 $1 $18 {[%cal Rh6g7][%mdl 64] [#] Skewer, Deflection} Qxh6 25. Qxe5+ {[%mdl 64] Double Attack} Qg7 26. Qxg7+ Kxg7 27. Ne2 Rad8 28. Rf4 Bg6 $2 {[%mdl 8192] [#] This costs Black the game.} (28... e5 $16 {is a better chance.}) 29. Rxd4 e5 30. Rd6 Kf7 31. Bc4+ Ke7 32. Re6+ {Weighted Error Value: White=0.15/Black=0.54} 1-0

[Event "North American-ch Juniors Open U20 2020"]
[Site "Charlotte"]
[Date "2020.12.21"]
[Round "4.5"]
[White "Tello Chavez, Isaac Valent"]
[Black "Venkat, Raghav"]
[Result "0-1"]
[WhiteElo "2275"]
[BlackElo "2167"]
[Annotator "TA"]
[PlyCount "42"]
[EventDate "2020.12.06"]
[EventType "swiss"]
[EventCountry "USA"]
[SourceTitle "playchess.com"]
[Source "ChessBase"]
[SourceQuality "1"]

{[%evp 24,42,17,12,12,-7,-3,-4,-7,0,-11,0,0,0,6,-105,-120,-129,-115,-119,-114]} 1. c4 Nf6 2. g3 g6 3. Bg2 Bg7 4. Nc3 O-O 5. e4 d6 6. Nge2 c5 7. d3 Nc6 8. O-O a6 9. a4 Rb8 10. h3 Ne8 11. Be3 Nc7 12. d4 cxd4 13. Nxd4 Bd7 {A36: Symmetrical English vs ...g6: 4 Bg2 Bg7.} 14. Nde2 b5 15. axb5 axb5 {The position is equal.} 16. c5 dxc5 17. Bxc5 Ne6 18. Be3 b4 19. Na4 (19. Nd5 $1 $11) 19... Ne5 $17 {Black is better.} 20. Qb3 {[#]} Bxa4 $146 ({Predecessor:} 20... Bb5 21. Rfd1 Qc8 22. Nf4 Bc4 23. Qc2 b3 24. Qd2 Nxf4 25. gxf4 Nd3 26. e5 Qf5 {½-½ (32) Bejtovic,J (2390)-Sutkovic,D (2326) Neum 2014}) 21. Rxa4 Qd3 {White got outplayed after the opening.  Weighted Error Value: White=0.22/Black=0.03} 0-1

[Event "North American-ch Juniors Open U20 2020"]
[Site "Charlotte"]
[Date "2020.12.21"]
[Round "4.6"]
[White "Sheng, Joshua"]
[Black "Wu, Rochelle"]
[Result "1-0"]
[WhiteElo "2474"]
[BlackElo "2029"]
[Annotator "TA"]
[PlyCount "117"]
[EventDate "2020.12.06"]
[EventType "swiss"]
[EventCountry "USA"]
[SourceTitle "playchess.com"]
[Source "ChessBase"]
[SourceQuality "1"]

{[%evp 22,117,79,68,85,95,95,93,68,0,0,0,0,0,0,0,0,14,60,30,89,93,79,74,83,14,24,0,-7,-23,-20,-36,0,-10,-10,-34,-32,-33,-33,-33,-35,-46,-21,-43,0,0,0,0,11,10,9,0,0,-50,6,0,0,0,2,0,8,8,8,8,8,8,11,11,12,11,12,12,12,33,138,141,117,39,37,17,158,-8,0,0,1231,1216,1254,0,422,0,1060,569,569,569,569,552,486,477]} 1. e4 c5 2. Nf3 d6 3. d4 cxd4 4. Nxd4 Nf6 5. Nc3 Nc6 6. Bg5 Bd7 7. Qd2 Rc8 8. O-O-O Nxd4 9. Qxd4 Qa5 10. f4 Rxc3 11. bxc3 e5 12. Qb4 $1 {[%cal Rb4a5]} Qxb4 {B61: Sicilian: Richter-Rauzer: 6...Bd7 7 Qd2.} 13. cxb4 Nxe4 {next ...Nf2 is good for Black.} 14. Bh4 $1 g5 {White is better.} 15. Bd3 (15. Bxg5 Nf2 $11) (15. fxg5 $14 Be7 16. a3) 15... Nc3 $11 16. Bxg5 Nxd1 17. Rxd1 Be7 $1 18. Bh6 Rg8 19. g3 f5 20. Be2 $1 e4 (20... Be6 $11 {remains equal.}) 21. Bh5+ $1 $16 Kd8 22. Bf7 Rg4 {[#]} 23. Rd5 $146 (23. Rg1 $1 $16) ({Predecessor:} 23. Rg1 Bh4 24. Bh5 Rg8 25. Bf7 Rg4 26. Bf8 Be8 27. Bd5 Kd7 28. Rd1 Bd8 29. c4 {0-1 (38) Fries Nielsen,J (2355)-Kristiansen,J (2450) Denmark 1982}) 23... Bf6 $1 $11 24. Bh5 Rg8 25. Rxd6 Ke7 $36 {[%mdl 2048] Black is pushing.} 26. Rd5 Be6 {[%mdl 1024] Black has compensation.} 27. Ra5 a6 {[%cal Ba7a6,Ba6a5][%mdl 32]} 28. b5 Bc3 29. Ra3 Bb4 30. Ra4 a5 {And now ...Rc8 would win.} 31. Bg5+ Kd6 {...Rc8 is the strong threat.} 32. Be2 Bc3 (32... Rc8 $5 {[%cal Re6c4]} 33. Bh6 Ke7 $15) 33. g4 Rc8 34. h3 Bd7 35. Bh4 e3 36. Bg3 Rc5 37. Bh4 Rc8 ({Black should try} 37... Bb4 $15) 38. Bg3 Rc5 39. Ra3 b6 40. Kd1 Rd5+ 41. Bd3 Bb4 42. Rb3 fxg4 43. f5+ Ke7 44. hxg4 Bxb5 45. Ke2 {Black must now prevent Bxb5.} Ba4 46. Rb2 Rd4 47. g5 Rg4 {[#]} (47... Bc6 $14) 48. Kf3 $1 $16 {[%cal Rf3g4]} Rd4 49. f6+ ({White should play} 49. Kxe3 $16 Bc5 50. Ke2) 49... Kf7 $14 50. Be5 Rh4 (50... e2 $11 51. Bxe2 Bc6+ 52. Kf2 Re4 53. Bh5+ Ke6) 51. Kg3 $2 ({Don't play} 51. Kxe3 $6 Bc6 $11) (51. c3 $16 Bc5 52. Bd4 Rh3+ 53. Ke4 Bc6+ 54. Ke5) 51... Be1+ 52. Kf3 Rh3+ $2 {[%mdl 8192]} (52... Bb4 $11) 53. Ke2 $18 Rh4 54. Kf3 (54. Rxb6 $142 {Intending Rb7+ and mate.} Rb4 55. Ra6 (55. Kxe1 Rxb6 56. Bxh7 Rb1+ 57. Ke2 Rg1 $16)) 54... Rh3+ {[#]} 55. Ke2 $2 (55. Kg2 $1 $18 Rh4 56. Rxb6) 55... Bg3 $2 {[%mdl 8192] [#]} (55... Rh4 $11) 56. g6+ $1 {[%mdl 512] White is clearly winning.} hxg6 57. Bc4+ Kf8 58. Bxg3 Rxg3 59. Rxb6 {Accuracy: White = 73%, Black = 68%.} 1-0

[Event "North American-ch Juniors Open U20 2020"]
[Site "Charlotte"]
[Date "2020.12.21"]
[Round "4.7"]
[White "Kumar, Naman"]
[Black "Chasin, Nico"]
[Result "0-1"]
[WhiteElo "2115"]
[BlackElo "2303"]
[Annotator "ChessBase"]
[PlyCount "50"]
[EventDate "2020.12.06"]
[EventType "swiss"]
[EventCountry "USA"]
[SourceTitle "playchess.com"]
[Source "ChessBase"]
[SourceQuality "1"]

1. e4 {[%emt 0:00:00]} Nc6 {[%emt 0:04:55]} 2. d4 {[%emt 0:02:47]} d5 {[%emt 0:00:05]} 3. exd5 {[%emt 0:01:29]} Qxd5 {[%emt 0:00:07]} 4. Be3 {[%emt 0:00:31]} e5 {[%emt 0:02:45]} 5. dxe5 {[%emt 0:04:55]} Qxd1+ {[%emt 0:00:06]} 6. Kxd1 {[%emt 0:00:09]} Nxe5 {[%emt 0:00:03]} 7. Be2 {[%emt 0:14:42]} Ng4 {[%emt 0:02:18]} 8. Bxg4 {[%emt 0:10:00]} Bxg4+ {[%emt 0:00:02]} 9. Ne2 {[%emt 0:02:02]} O-O-O+ {[%emt 0:00:13]} 10. Ke1 {[%emt 0:00:31]} Nf6 {[%emt 0:00:02]} 11. f3 {[%emt 0:15:31]} Bf5 {[%emt 0:01:16]} 12. c4 {[%emt 0:01:29]} Nd7 {[%emt 0:06:37]} 13. f4 {[%emt 0:16:03]} Bb4+ {[%emt 0:02:47]} 14. Nbc3 {[%emt 0:03:46]} Rhe8 {[%emt 0:00:52]} 15. Kf2 {[%emt 0:05:48]} Nf6 {[%emt 0:00:02]} 16. h3 {[%emt 0:03:36]} Rxe3 {[%emt 0:00:02]} 17. Kxe3 {[%emt 0:02:07]} Bc5+ {[%emt 0:00:03]} 18. Nd4 {[%emt 0:00:15]} Bxd4+ {[%emt 0:01:09]} 19. Ke2 {[%emt 0:01:17]} Re8+ {[%emt 0:01:15]} 20. Kd2 {[%emt 0:00:39]} Be3+ {[%emt 0:00:06]} 21. Kd1 {[%emt 0:00:28]} Bxf4 {[%emt 0:00:36]} 22. g4 {[%emt 0:02:26]} Bg6 {[%emt 0:00:55]} 23. Re1 {[%emt 0:00:33]} Ne4 {[%emt 0:00:48]} 24. Nxe4 {[%emt 0:00:50]} Bxe4 {[%emt 0:00:09]} 25. a4 {[%emt 0:00:49]} a5 {[%emt 0:00:11]} 0-1